000 00470nam a2200145Ia 4500
003 OSt
005 20260121154826.0
008 211028s2015 xx 000 0 und d
040 _cAIMIT LIBRARY
041 _aeng
100 _aMary, Chinchu; Kamath, T Ramesh.
_g1316031
_97304
245 _aStudy on the customer awareness and customers satisfaction regarding services offered by State Bank of India /
260 _aMangalore
_bT Ramesh Kamath
_c2015
942 _2ddc
_cPRO
999 _c218874
_d218874